000 00992cam a2200193 4500
001 L136919
008 070305s2006 xxk f 000 0 eng d
035 _a(Sirsi) u136919
041 0 _aeng
110 2 _aFocus
_93296
245 0 0 _a London market office report
_bQ4 2006
_h[electronic resource]
260 _aLondon
_bFocus
_c2006
520 _aReports vacancy rates to have dropped in the City in the fourth quarter to their lowest level for five years, and rents in the West End to be rising quickly. Predicts the E1 area to be a major growth area. Specific sections focus on the West End, Midtown, Docklands and Midtown areas. Graphs illustrate average Central London yields, the availability of Central London offices, and availability in sq. ft. by size band.
590 _aKA
651 4 _aLONDON
690 _aPROPERTY-COMMERCIAL PROPERTY-COMMERCIAL PROPERTY MARKET
856 4 0 _uhttps://www1.focusnet.co.uk/
_zView the item free of charge at www1.focusnet.co.uk...
942 _n0
999 _c106550
_d106550